Online
Catalog
Normal view MARC view

Entry Nombre corporativo

Number of records used in: 4

001 - NÚMERO DE CONTROL

  • campo de control: 7210

003 - IDENTIFICADOR DEL NÚMERO DE CONTROL

  • campo de control: BNPHU

005 - FECHA Y HORA DE LA ÚLTIMA TRANSACCIÓN

  • campo de control: 20241110163406.0

008 - DATOS DE LONGITUD FIJA

  • campo de control de longitud fija: 200615|| aca||aabn | a|a d

010 ## - NÚMERO DE CONTROL DE LA BIBLIOTECA DEL CONGRESO

  • Número de control de LC: n 50077820

040 ## - FUENTE DE LA CATALOGACIÓN

  • Centro catalogador/agencia de origen: DO-SdBNP
  • Lengua de catalogación: spa
  • Centro/agencia transcriptor: BNPHU
  • Normas de descripción: rda

110 2# - ENCABEZAMIENTO-NOMBRE DE ENTIDAD CORPORATIVA

  • Nombre de entidad corporativa o nombre de jurisdicción como elemento de entrada: Banco Agrícola de la República Dominicana

371 ## - DIRECCIÓN

  • Dirección: Av. George Washington 601,
  • Ciudad: Santo Domingo
  • País: República Dominicana
  • Dirección de correo electrónico: Teléfono: (809) 535-8088

410 ## - TRAZADO DE VÉASE--NOMBRE DE ENTIDAD CORPORATIVA

  • Nombre de entidad corporativa o nombre de jurisdicción como elemento de entrada: República Dominicana .
  • Unidad subordinada: Banco Agrícola

670 ## - FUENTE DE DATOS ENCONTRADOS

  • Cita de la fuente: Work cat.: (OSt)2108: Aquino Aquino, Ramón Emilio, El financiamiento agropecuario y el Banco Agrícola /, 1990.

670 ## - FUENTE DE DATOS ENCONTRADOS

  • Cita de la fuente: Memoria institucional ... 1971-

670 ## - FUENTE DE DATOS ENCONTRADOS

  • Identificador Uniforme del Recurso: https://authorities.loc.gov/cgi-bin/Pwebrecon.cgi?AuthRecID=3268888&v1=1&HC=1&SEQ=20241110160202&PID=otCkCcKIGMgz1Gk5_u8h3sNd84GyC Consultado en 10 de noviembre, 2024

Powered by Koha